|
|
|
|
| LEADER |
00000nab a2200000uu 4500 |
| 001 |
vtls011518535 |
| 003 |
SK-MaSNL |
| 005 |
20260303162731.0 |
| 008 |
230302|1925 xo |||||||||||||||||slo| |
| 015 |
|
|
|a SNBRB
|
| 035 |
|
|
|a (urnnbn)urn:nbn:sk:snk:ar-001yz5
|
| 035 |
|
|
|a (uuid)d118fd40-ffdf-4f55-8e84-3e48eb9491d7
|
| 035 |
|
|
|a urn:nbn:sk:snk-abe7gj
|
| 040 |
|
|
|a SNKBUCL
|b slo
|c SNKBUCL
|e AACR2
|
| 041 |
0 |
|
|a slo
|
| 044 |
|
|
|a xo
|c SK
|
| 100 |
1 |
|
|a Šal, B
|4 aut
|9 56064
|
| 245 |
1 |
0 |
|a POSMRTNÁ VÝSTAVKA DIEL MAXA PIRNERA.
|c B. Šal
|
| 773 |
0 |
|
|t Slovenské pohľady
|g Roč. 41, č. 1 (1925), s. 53-54
|
| 958 |
|
|
|a OND
|
| 958 |
|
|
|a EUIPO
|
| 958 |
|
|
|a article21
|
| 999 |
|
|
|c 2056830
|d 2058760
|